| 000 | 00504nam a22001697a 4500 | ||
|---|---|---|---|
| 008 | 151123b xxu||||| |||| 00| 0 eng d | ||
| 082 |
_a730.11 _bO839o |
||
| 100 |
_aOspina, Nadín _94202 |
||
| 245 |
_aOtros Mundos _cNadín Ospina |
||
| 260 |
_aMedellín _bFine Art. _c2015 |
||
| 300 |
_a78 p. _bill. (col.) _c23 cm. |
||
| 600 |
_aRestrepo, Alberto Hugo [Director] _94203 |
||
| 600 |
_aOspina, Nadín _94204 |
||
| 650 |
_aEscultura _93516 |
||
| 650 |
_aArte Contemporáneo _9977 |
||
| 650 |
_aArte _zColombia _93490 |
||
| 999 |
_c785 _d785 |
||